50 Most Expensive Serie A Transfers - Statistics

General Stats
  • This quiz has been taken 114 times
  • The average score is 22 of 50
Answer Stats
Price From To Player % Correct
£105.3M Real Madrid Juventus Cristiano Ronaldo
100%
£76.9M Ajax Juventus Matthijs De Ligt
98%
£81M Napoli Juventus Gonzalo Higuain
91%
£35.1M Real Madrid Napoli Gonzalo Higuain
91%
£66.6M Manchester United Inter Milan Romelu Lukaku
91%
£47.6M Parma Juventus Gianluigi Buffon
83%
£64.8M FC Barcelona Juventus Arthur
82%
£63M LOSC Lille Napoli Victor Osimhen
78%
£37.8M Juventus AC Milan Leonardo Bonucci
67%
£31.5M AC Milan Juventus Leonardo Bonucci
67%
£36M Palermo Juventus Paulo Dybala
66%
£51.1M Parma Lazio Hernan Crespo
61%
£36M Lazio Inter Milan Hernan Crespo
61%
£41.8M Lazio Inter Milan Christian Vieri
57%
£25.5M Atletico Madrid Lazio Christian Vieri
57%
£33.3M Manchester City Juventus Danilo
52%
£37.1M Fiorentina AC Milan Rui Costa
52%
£36M Bayern Munich Juventus Douglas Costa
48%
£36.3M Valencia CF Juventus Joao Cancelo
47%
£32.5M Juventus AC Milan Filippo Inzaghi
46%
£32.5M Fiorentina AS Roma Gabriel Batistuta
44%
£27M Parma Lazio Juan Sebastian Veron
43%
£36M Sporting CP Inter Milan Joao Mario
40%
£28.8M AS Roma Juventus Miralem Pjanic
39%
£27.9M Bari AS Roma Antonio Cassano
37%
£43.2M Valencia CF Lazio Gaizka Mendieta
36%
£40.5M Lazio Juventus Pavel Nedved
34%
£26.5M Santos Inter Milan Gabriel Barbosa
32%
£31.5M PSV Eindhoven Napoli Hirving Lozano
32%
£32.5M Parma Juventus Lilian Thuram
31%
£25.2M Cagliari Inter Milan Nicolo Barella
30%
£34.2M AS Roma Inter Milan Radja Nainggolan
30%
£36M Fiorentina Juventus Federico Bernardeschi
29%
£34.2M FC Porto AC Milan Andre Silva
28%
£27M Real Betis Napoli Fabian Ruiz
28%
£36M Real Madrid Inter Milan Achraf Hakimi
26%
£27.9M Lazio AC Milan Alessandro Nesta
26%
£34.5M Flamengo AC Milan Lucas Paqueta
26%
£37.8M Sampdoria AS Roma Patrik Schick
26%
£28.8M Ajax Napoli Arkadiusz Milik
24%
£32.4M AS Roma Napoli Kostas Manolas
23%
£31.5M Genoa AC Milan Krzysztof Piatek
23%
£29.9M Sevilla FC AC Milan Carlos Bacca
22%
£32.4M AS Monaco Inter Milan Geoffrey Kondogbia
22%
£30.6M Sampdoria Inter Milan Milan Skriniar
21%
£31.5M Juventus AC Milan Mattia Caldara
17%
£27.9M Atalanta Inter Milan Alessandro Bastoni
15%
£31.5M Parma Juventus Dejan Kulusevski
11%
£26.5M Juventus AS Roma Leonardo Spinazzola
10%
£25.5M AS Roma Parma Hidetoshi Nakata
3%
No matching quizzes found
Score Distribution
Percent of People with Each Score
Percentile by Number Answered
Your Score History
You have not taken this quiz